| 000 | 00439nam a2200157Ia 4500 | ||
|---|---|---|---|
| 008 | 230312s9999||||xx |||||||||||||| ||und|| | ||
| 020 | _a978 969 417 114 | ||
| 082 |
_a330 _bJAL-F |
||
| 100 | _aMohammad Jalal-ud-din | ||
| 245 | 0 | _aFundamentals of ECONOMICS | |
| 260 |
_bHigher Education Commission _aIslamabad _c2008 |
||
| 300 | _a354 | ||
| 546 | _aEng. | ||
| 650 |
_aEconomics _vIntroduction , Theory of Consumer Behaviour |
||
| 942 | _cBK | ||
| 999 |
_c2522 _d2522 |
||